| 000 | 00863nam a2200121Ia 4500 | ||
|---|---|---|---|
| 008 | 220620s9999||||xx |||||||||||||| ||und|| | ||
| 100 | _aSpee, Bart||Van der Laan, Luc J.W.||Verstegen, Monique M. A. | ||
| 245 | 0 | _aBioengineering Liver Transplantation | |
| 546 | _aEnglish[eng] | ||
| 650 | _an/a||tissue engineering||regenerative medicine||liver tissue bioengineering||additive manufacturing||copper toxicosis||hepatobiliary stent||reconditioning||medical device||liver regeneration||Wilson Disease||stem cells||preclinical large animal model||liver||stem cell transplantation||liver bioreactors||personalized medicine||direct printing||hydrogel||3D structuring||oxygen persufflation||end-stage liver diseases||3D printing||liver transplantation||bioengineered organ||randomized controlled trail | ||
| 856 | _uhttps://mdpi.com/books/pdfview/book/1810 | ||
| 942 | _cEB | ||
| 999 |
_c28035 _d28035 |
||